| 000 | 00926nam a2200301Ia 4500 | ||
|---|---|---|---|
| 001 | Z_7012 | ||
| 003 | CHAP | ||
| 005 | 20250326154441.0 | ||
| 008 | 220113s2018 mx 000 0 spa d | ||
| 010 | _a170284 | ||
| 020 | _a978-607-17-3230-9 | ||
| 040 | _cCHAP | ||
| 082 | _a636.31 C75 | ||
| 245 | _aCrianza de borregos | ||
| 260 |
_aCiudad de México : _bTrillas, _c |
||
| 300 | _a134 p. | ||
| 440 | 0 |
_aNegocios agropecuarios (Trilla) _9146548 |
|
| 500 | _aEn portada: Instalaciones, etapas de cría, bioseguridad, sistemas de producción, nutrición, hembras y carneros reproductores. | ||
| 503 | _aej.1: consumo \ ej.2: consumo \ ej.3: consumo \ ej.4: consumo \ ej.5: consumo | ||
| 650 |
_aGanado lanar _945150 |
||
| 650 |
_aGanado ovino _xcría _xManuales _9142652 |
||
| 650 |
_aOvejas _x Cría _9144477 |
||
| 901 | _a636.31 C75 | ||
| 902 | _aM | ||
| 910 | _a | ||
| 942 |
_c1 _2ddc |
||
| 942 | _2ddc | ||
| 999 |
_c170284 _d170284 |
||